Detalles MARC
| 000 -LEADER |
| fixed length control field |
01103nam a22003617i 4500 |
| 001 - CONTROL NUMBER |
| control field |
000579 |
| 003 - CONTROL NUMBER IDENTIFIER |
| control field |
DO-SdBNP |
| 005 - DATE AND TIME OF LATEST TRANSACTION |
| control field |
20180207093233.0 |
| 007 - PHYSICAL DESCRIPTION FIXED FIELD--GENERAL INFORMATION |
| fixed length control field |
000579 |
| 008 - FIXED-LENGTH DATA ELEMENTS--GENERAL INFORMATION |
| fixed length control field |
891108s1988 sp spa |
| 015 ## - NATIONAL BIBLIOGRAPHY NUMBER |
| National bibliography number |
|
| 016 7# - NATIONAL BIBLIOGRAPHIC AGENCY CONTROL NUMBER |
| Record control number |
|
| Canceled/invalid record control number |
|
| Source |
BPMSU |
| 017 ## - COPYRIGHT OR LEGAL DEPOSIT NUMBER |
| Copyright or legal deposit number |
|
| Assigning agency |
|
| 020 ## - INTERNATIONAL STANDARD BOOK NUMBER |
| International Standard Book Number |
8434585804 |
| 035 ## - SYSTEM CONTROL NUMBER |
| System control number |
|
| 040 ## - CATALOGING SOURCE |
| Original cataloging agency |
BPMSU |
| Language of cataloging |
spa |
| Transcribing agency |
BPMSU |
| Description conventions |
|
| 080 #0 - UNIVERSAL DECIMAL CLASSIFICATION NUMBER |
| Universal Decimal Classification number |
|
| 082 ## - DEWEY DECIMAL CLASSIFICATION NUMBER |
| Edition number |
|
| Classification number |
I853.91 |
| Item number |
G435u |
| 100 1# - MAIN ENTRY--PERSONAL NAME |
| Personal name |
Giardina, Roberto, |
| Dates associated with a name |
1940- |
| 240 10 - UNIFORM TITLE |
| Uniform title |
<a href="Una sirena di norte.">Una sirena di norte.</a> |
| Language of a work |
Español |
| 245 14 - TITLE STATEMENT |
| Title |
Una sirena en la noche / |
| Statement of responsibility, etc. |
Roberto Giardina ; traducción de Gabriela Sánchez Ferlosio ; ilustración de cubierta de Guido Bertello. |
| Medium |
|
| 260 1# - PUBLICATION, DISTRIBUTION, ETC. (IMPRINT) |
| Place of publication, distribution, etc. |
Barcelona : |
| Name of publisher, distributor, etc. |
Salvat, |
| Date of publication, distribution, etc. |
1988. |
| 300 ## - PHYSICAL DESCRIPTION |
| Extent |
154 p.; |
| Dimensions |
23 cm |
| 490 1# - SERIES STATEMENT |
| Series statement |
Biblioteca juvenil |
| Volume/sequential designation |
67 |
| 500 ## - GENERAL NOTE |
| General note |
Incluye datos biográficos del autor en la contracubierta |
| 600 ## - SUBJECT ADDED ENTRY--PERSONAL NAME |
| Personal name |
|
| 650 ## - SUBJECT ADDED ENTRY--TOPICAL TERM |
| Topical term or geographic name as entry element |
CUENTOS INFANTILES ITALIANOS |
| 700 12 - ADDED ENTRY--PERSONAL NAME |
| Personal name |
Sánchez Ferlosio, Gabriela, |
| Relator term |
tr. |
| Dates associated with a name |
|
| 830 #0 - SERIES ADDED ENTRY--UNIFORM TITLE |
| Uniform title |
Biblioteca juvenil |
| Volume number/sequential designation |
67 |
| 942 ## - ADDED ENTRY ELEMENTS (KOHA) |
| Source of classification or shelving scheme |
Dewey Decimal Classification |
| Koha item type |
Libros |
| 945 ## - LOCAL PROCESSING INFORMATION (OCLC) |
| a |
Inventariado, 2018 /LP |
| 956 ## - LOCAL ELECTRONIC LOCATION AND ACCESS (OCLC) |
| Host name |
VMATEO |
| Access number |
10 |
| Compression information |
20160712 |
| Path |
BPMSU |
| Electronic name |
0069 |